000
00308cam a2200133ua 4500
020
_a
9789380179148
082
_a
664
_b
RAM/FO
100
_a
Ramaswamy, Arindam.
_9
1344
245
_a
Elements of Food Science
250
_a
1.
260
_a
Jaipur:
_b
Oxford Book Company,
_c
2010.
300
_a
308.
942
_c
BK
999
_c
13600
_d
13600